000
00277nam a22001097a 4500
008
240704b |||||||| |||| 00| 0 eng d
100
_a
Narayan Swami
_9
16492
245
_a
Kelopanishad Upnishyad Rahisya
260
_a
Delhi:
_b
Swdeshik Pub.
_c
1969.
300
_a
96p.
942
_c
BK
999
_c
40359
_d
40359